[Event "14th Costa del Sol it"]
[Site "Torremolinos ESP"]
[Date "1974.01.11"]
[Round "6"]
[White "Westerinen, Heikki"]
[Black "Torre, Eugenio"]
[Result "0-1"]
[WhiteElo "2435"]
[BlackElo "2430"]
[EventDate "1974.02.05"]
[PlyCount "122"]

1.e4 d6 2.d4 Nf6 3.Nc3 g6 4.Be3 c6 5.a4 Bg7 6.Qd2 O-O 7.f3 Nbd7 8.h4 h5 9.
Bc4 d5 10.exd5 Nb6 11.Bb3 Nbxd5 12.Bh6 Qd6 13.Bxg7 Kxg7 14.Nge2 Nxc3 15.
Qxc3 Be6 16.Bxe6 Qxe6 17.Kf2 Qf5 18.Ng3 Qf4 19.Rae1 Ng4+ 20.Kg1 Qxg3 21.
fxg4 Qxg4 22.d5+ Kg8 23.dxc6 Rac8 24.Qf3 Qd4+ 25.Qe3 Qxb2 26.cxb7 Rxc2 27.
Rh2 Qxb7 28.Qxe7 Qb6+ 29.Kh1 Qf2 30.Rg1 Rb8 31.Qe1 Qxe1 32.Rxe1 Ra2 33.g3 
Rxa4 34.Rf2 Rb7 35.Kg2 Ra3 36.Kh2 a5 37.Re8+ Kg7 38.Ra8 a4 39.Ra6 Ra1 40.
Kh3 a3 41.Ra4 f5 42.Ra6 Rb3 43.Ra7+ Kh6 44.Kg2 Re1 45.Rd2 Rb2 46.Rf2 Ra1 
47.Kf3 Rb3+ 48.Kg2 Rd1 49.Rc2 a2 50.Rcc7 Rb2+ 51.Kf3 Rd3+ 52.Kf4 Rb4+ 53.
Ke5 Re4+ 54.Kf6 Rd6+ 55.Kf7 f4 56.Rc8 Rd7+ 57.Rxd7 a1=Q 58.Kg8 Qa2+ 59.Kh8
Qb2+ 60.Kg8 Qb3+ 61.Kh8 Qc3+ 0-1

[Event "14th Costa del Sol it"]
[Site "Torremolinos ESP"]
[Date "1974.01.11"]
[Round "6"]
[White "Ruiz Gutierrez, Manuel"]
[Black "Ostojic, Predrag"]
[Result "0-1"]
[WhiteElo "2280"]
[BlackElo "2440"]
[EventDate "1974.02.05"]
[PlyCount "78"]

1.d4 g6 2.Nf3 Bg7 3.Bf4 d6 4.e3 Nd7 5.Bc4 Nb6 6.Bb3 a5 7.a4 Nf6 8.h3 O-O 
9.O-O Bf5 10.Nbd2 Ne4 11.c3 e5 12.dxe5 dxe5 13.Bh2 Nc5 14.e4 Nxb3 15.Qxb3 
Be6 16.Qc2 f6 17.Rfd1 Qe7 18.c4 Nd7 19.Nf1 Bh6 20.Ne3 Bxe3 21.fxe3 Qc5 22.
Rd3 Qc6 23.Rdd1 Nc5 24.Nd2 Rad8 25.Bg3 Rd3 26.Kh2 Rfd8 27.Nf3 Qxe4 28.Ne1 
Rxd1 29.Rxd1 Rxd1 30.Qxd1 Bd7 31.b3 Kf7 32.Qd2 b6 33.Nf3 Ke7 34.Qc3 Bc6 
35.Be1 Ke6 36.Bg3 Kd7 37.Qe1 Kc8 38.Qc3 g5 39.Bf2 Qf5 0-1

[Event "14th Costa del Sol it"]
[Site "Torremolinos ESP"]
[Date "1974.01.11"]
[Round "6"]
[White "Bellon Lopez, Juan Manuel"]
[Black "Quinteros, Miguel Angel"]
[Result "0-1"]
[WhiteElo "2400"]
[BlackElo "2520"]
[EventDate "1974.02.05"]
[PlyCount "74"]

1.c4 g6 2.g3 Bg7 3.Bg2 d6 4.d3 e5 5.e3 Nc6 6.Nc3 Nge7 7.Nge2 O-O 8.O-O Be6
9.b3 Qd7 10.Bb2 Bh3 11.Bxh3 Qxh3 12.Qd2 h5 13.Ne4 h4 14.f4 hxg3 15.N2xg3 
Qh8 16.f5 gxf5 17.Rxf5 Nxf5 18.Nxf5 Rae8 19.Kh1 Re6 20.Qg2 Rg6 21.Qf3 Bf6 
22.Rf1 Bd8 23.d4 exd4 24.exd4 Ne7 25.Bc3 d5 26.cxd5 Nxf5 27.Qxf5 Be7 28.
Bd2 Qxd4 29.Bc3 Qe3 30.Qe5 Qh3 31.Rf2 Qh6 32.Bb2 f5 33.Rxf5 Qh3 34.Rxf8+ 
Kxf8 35.Qf4+ Kg8 36.Ng3 Bd6 37.Qe4 Rxg3 0-1

[Event "14th Costa del Sol it"]
[Site "Torremolinos ESP"]
[Date "1974.01.11"]
[Round "6"]
[White "Tarjan, James Edward"]
[Black "Cardoso, Rodolfo Tan"]
[Result "1-0"]
[WhiteElo "2415"]
[BlackElo "2375"]
[EventDate "1974.02.05"]
[PlyCount "115"]

1.e4 g6 2.d4 c6 3.c4 Bg7 4.Nc3 d6 5.Be2 Nd7 6.f4 Nb6 7.Nf3 d5 8.exd5 cxd5 
9.c5 Nc4 10.O-O Na5 11.Bb5+ Nc6 12.Ne5 Bd7 13.b4 Nf6 14.Be3 O-O 15.Be2 
Nxb4 16.Qb3 Nc6 17.Qxb7 Rc8 18.Bf3 e6 19.Rfc1 Qa5 20.Rab1 Nxe5 21.fxe5 Rb8
22.Qxb8 Rxb8 23.Rxb8+ Ne8 24.Be2 Qc7 25.Rb3 f6 26.Nb5 Qa5 27.c6 Bc8 28.Nd6
Qxa2 29.Bd1 fxe5 30.Nxe8 exd4 31.Bf2 Bh6 32.Rcb1 Be3 33.Nf6+ Kf7 34.Ng4 e5
35.Nxe5+ Kf6 36.Bxe3 dxe3 37.Ng4+ Bxg4 38.Bxg4 Qc2 39.c7 Qxc7 40.Rxe3 Qc5 
41.Re1 Kg5 42.Bf3 Kh6 43.Kh1 a5 44.Rd3 a4 45.Ra1 Qc4 46.Rxd5 Qc3 47.Rdd1 
a3 48.Ra2 Qb3 49.Rda1 Qe3 50.Rxa3 Qb6 51.Rd1 Qc5 52.Rad3 Qc7 53.h3 Qc5 54.
Rd7 Qc8 55.Rb7 Qc3 56.Rdd7 Qc1+ 57.Kh2 Qf4+ 58.g3 1-0

[Event "14th Costa del Sol it"]
[Site "Torremolinos ESP"]
[Date "1974.01.11"]
[Round "6"]
[White "Martin Gonzalez, Angel"]
[Black "Langeweg, Christiaan"]
[Result "1-0"]
[WhiteElo "2275"]
[BlackElo "2430"]
[EventDate "1974.02.05"]
[PlyCount "45"]

1.e4 c5 2.Nf3 e6 3.Nc3 a6 4.d4 cxd4 5.Nxd4 Nc6 6.g3 Nge7 7.Nb3 b5 8.Bg2 d6
9.f4 Bb7 10.Be3 Na5 11.Nxa5 Qxa5 12.Qd2 Nc6 13.O-O Be7 14.e5 dxe5 15.f5 
exf5 16.Qf2 Bd8 17.Qxf5 O-O 18.Qd7 Bb6 19.Qxb7 Bxe3+ 20.Kh1 Nb4 21.a3 Nxc2
22.Rxf7 Bh6 23.Raf1 1-0

[Event "14th Costa del Sol it"]
[Site "Torremolinos ESP"]
[Date "1974.01.12"]
[Round "7"]
[White "Gheorghiu, Florin"]
[Black "Westerinen, Heikki"]
[Result "1-0"]
[WhiteElo "2550"]
[BlackElo "2435"]
[EventDate "1974.02.05"]
[PlyCount "73"]

1.d4 Nf6 2.c4 d6 3.Nc3 g6 4.e4 Bg7 5.f3 O-O 6.Be3 Nc6 7.Nge2 Rb8 8.Qd2 Re8
9.h4 h5 10.O-O-O a6 11.Bh6 b5 12.g4 bxc4 13.Ng3 e5 14.Bxg7 Kxg7 15.dxe5 
Rxe5 16.g5 Nd7 17.f4 Ra5 18.Bxc4 Rb4 19.Bd5 Nd4 20.Nce2 Nxe2+ 21.Nxe2 Rab5
22.Nd4 Rxb2 23.Qc3 Kg8 24.Nxb5 Rxb5 25.Rd4 Qe7 26.a4 Rc5 27.Rc4 Rxc4 28.
Qxc4 Nb6 29.Qb3 a5 30.Re1 Bd7 31.Qc3 Qd8 32.Qxa5 Bxa4 33.f5 gxf5 34.exf5 
Qd7 35.g6 Kg7 36.f6+ Kh8 37.Qd2 1-0

[Event "14th Costa del Sol it"]
[Site "Torremolinos ESP"]
[Date "1974.01.12"]
[Round "7"]
[White "Torre, Eugenio"]
[Black "Bellon Lopez, Juan Manuel"]
[Result "1/2-1/2"]
[WhiteElo "2430"]
[BlackElo "2400"]
[EventDate "1974.02.05"]
[PlyCount "116"]

1.e4 c5 2.Nf3 e6 3.d4 cxd4 4.Nxd4 a6 5.Bd3 g6 6.O-O Bg7 7.Nb3 d6 8.f4 Nf6 
9.c4 Nbd7 10.Nc3 b6 11.Qe2 O-O 12.Bd2 Bb7 13.Rae1 Nc5 14.Nxc5 dxc5 15.e5 
Ng4 16.Be4 Bxe4 17.Nxe4 h5 18.Bc3 Nh6 19.Rd1 Qc7 20.Rd3 Rfd8 21.Rfd1 Nf5 
22.Nd6 Nxd6 23.exd6 Qd7 24.Bxg7 Kxg7 25.Qe5+ f6 26.Qe4 Kf7 27.h3 Rg8 28.a3
Rac8 29.Qe2 f5 30.R1d2 Rgd8 31.g3 b5 32.b3 bxc4 33.bxc4 Rb8 34.Rd1 a5 35.
Qe5 Rdc8 36.Kf2 a4 37.Re1 Rb3 38.Rxb3 axb3 39.g4 Rc6 40.Rd1 fxg4 41.hxg4 
Qd8 42.g5 Rb6 43.Rd2 h4 44.Kf3 b2 45.Rxb2 Rxb2 46.Qxb2 Qxd6 47.Qf6+ Kg8 
48.Qxg6+ Kh8 49.Ke2 Qc6 50.Ke3 Qb6 51.Qf6+ Kg8 52.Kf2 Qd6 53.Ke3 Qd4+ 54.
Kf3 Qd1+ 55.Kg2 Qe2+ 56.Kh3 Qf3+ 57.Kxh4 Qf2+ 58.Kh5 Qh2+ 1/2-1/2

[Event "14th Costa del Sol it"]
[Site "Torremolinos ESP"]
[Date "1974.01.12"]
[Round "7"]
[White "Cardoso, Rodolfo Tan"]
[Black "Ruiz Gutierrez, Manuel"]
[Result "0-1"]
[WhiteElo "2375"]
[BlackElo "2280"]
[EventDate "1974.02.05"]
[PlyCount "110"]

1.c4 e5 2.g3 Nf6 3.Bg2 d6 4.e3 Be7 5.Ne2 O-O 6.b3 c6 7.Bb2 Nbd7 8.O-O Qc7 
9.d4 Rd8 10.Nd2 Nf8 11.Rc1 Ng6 12.f4 exd4 13.Bxd4 b6 14.Nc3 Bb7 15.e4 a6 
16.g4 Nd7 17.g5 Nc5 18.Qe2 Bf8 19.b4 Ne6 20.Be3 d5 21.Nxd5 Rxd5 22.exd5 
Nexf4 23.Bxf4 Nxf4 24.Rxf4 Qxf4 25.dxc6 Bc8 26.Rf1 Qd4+ 27.Kh1 Be6 28.a3 
a5 29.bxa5 bxa5 30.Rd1 Rd8 31.Bf3 Qc5 32.Qg2 a4 33.Re1 Qa5 34.Rd1 Bxa3 35.
Qe2 Bb2 36.Nb1 Rxd1+ 37.Qxd1 a3 38.c7 Qxc7 39.Qa4 Qe7 40.Nd2 h6 41.gxh6 
gxh6 42.Be4 Qd7 43.Qxd7 Bxd7 44.Bb1 Bc3 45.Nf3 Bf5 46.Ba2 Kf8 47.Kg2 Ke7 
48.Kf2 Kd6 49.Ke3 Kc5 50.Nd2 Bxd2+ 51.Kxd2 Be6 52.Kc3 f5 53.Kd3 f4 54.Ke4 
Bxc4 55.Bb1 Kb4 0-1

[Event "14th Costa del Sol it"]
[Site "Torremolinos ESP"]
[Date "1974.01.12"]
[Round "7"]
[White "Quinteros, Miguel Angel"]
[Black "Martin Gonzalez, Angel"]
[Result "0-1"]
[WhiteElo "2520"]
[BlackElo "2275"]
[EventDate "1974.02.05"]
[PlyCount "124"]

1.Nf3 c5 2.g3 Nc6 3.Bg2 g6 4.c3 Bg7 5.d4 cxd4 6.cxd4 Qb6 7.e3 Qa6 8.Nc3 d6
9.Nd5 Qa5+ 10.Nd2 Nf6 11.b4 Nxb4 12.Nc4 Nc2+ 13.Kf1 Qa4 14.Nc7+ Kd8 15.Nb2
Nxe3+ 16.Bxe3 Qxd1+ 17.Rxd1 Kxc7 18.Rc1+ Kd8 19.Nc4 Rb8 20.Na5 Ng4 21.Rb1 
Bf5 22.Rb3 Nxe3+ 23.fxe3 Rc8 24.Rxb7 Rc1+ 25.Kf2 Rc2+ 26.Kf3 Rxg2 27.Kxg2 
Be4+ 28.Kg1 Bxb7 29.Nxb7+ Kc7 30.Na5 Kb6 31.Nc4+ Kb5 32.Na3+ Kb4 33.Nc2+ 
Kc3 34.Na1 Rb8 35.Nb3 Kb2 36.Kf2 Kxa2 37.Nd2 e5 38.d5 Rb5 39.Ne4 Rb2+ 40.
Kf3 Bf8 41.Nf6 Be7 42.Ng8 Bd8 43.Rc1 f5 44.g4 Bh4 45.gxf5 gxf5 46.e4 Rb3+ 
47.Ke2 fxe4 48.Rc4 Bg5 49.Rxe4 Rb8 50.h4 Rxg8 51.hxg5 Kb3 52.Rh4 Rxg5 53.
Rxh7 a5 54.Rh6 Kc4 55.Rxd6 e4 56.Ke3 Rxd5 57.Rc6+ Rc5 58.Re6 a4 59.Rxe4+ 
Kb3 60.Kd2 a3 61.Re8 a2 62.Rb8+ Ka4 0-1

[Event "14th Costa del Sol it"]
[Site "Torremolinos ESP"]
[Date "1974.01.12"]
[Round "7"]
[White "Langeweg, Christiaan"]
[Black "Tarjan, James Edward"]
[Result "1/2-1/2"]
[WhiteElo "2430"]
[BlackElo "2415"]
[EventDate "1974.02.05"]
[PlyCount "52"]

1.c4 c5 2.Nf3 g6 3.d4 Bg7 4.e4 d6 5.d5 Nf6 6.Nc3 O-O 7.Bd3 e5 8.Bg5 h6 9.
Bd2 Nh5 10.g3 Bh3 11.Bf1 Bd7 12.Nh4 Na6 13.Nf5 gxf5 14.Qxh5 fxe4 15.Nxe4 
f5 16.Nxd6 Qf6 17.Nb5 Nb4 18.Kd1 Bxb5 19.cxb5 Nxd5 20.Bc4 Rad8 21.Kc2 Kh8 
22.Bxd5 Rxd5 23.Bc3 f4 24.Rad1 Rd4 25.Rhe1 Rxd1 26.Rxd1 Qe6 1/2-1/2

[Event "14th Costa del Sol it"]
[Site "Torremolinos ESP"]
[Date "1974.01.13"]
[Round "8"]
[White "Lombardy, William"]
[Black "Westerinen, Heikki"]
[Result "0-1"]
[WhiteElo "2520"]
[BlackElo "2435"]
[EventDate "1974.02.05"]
[PlyCount "98"]

1.c4 Nf6 2.Nc3 g6 3.e4 d6 4.d4 Bg7 5.Be2 O-O 6.Nf3 c6 7.O-O a6 8.Nd2 b5 9.
e5 Nfd7 10.exd6 exd6 11.Nde4 Nb6 12.Bg5 f6 13.Bf4 d5 14.cxd5 cxd5 15.Nd6 
Be6 16.Re1 Qd7 17.a4 Rd8 18.a5 Nc8 19.Nxc8 Qxc8 20.h4 Nc6 21.Bf3 Bf7 22.
Qd2 Qd7 23.Na2 Rac8 24.Nc1 Bf8 25.Qd1 Nb4 26.Rf1 Nc2 27.Rb1 Qf5 28.Nd3 Rc4
29.Bg4 Qe4 30.Bf3 Qxd4 31.b3 Rc3 32.Be2 Na3 33.Rc1 Rxd3 34.Qxd3 Qxf4 35.
Rc6 Rd6 36.g3 Qb4 37.Rfc1 Nc4 38.Rxd6 Nxd6 39.Rc6 Qe1+ 40.Kg2 Ne4 41.Qe3 
Bc5 42.Rxc5 Nxc5 43.Qxc5 Qxe2 44.Qc8+ Kg7 45.Qxa6 d4 46.Qb7 d3 47.a6 d2 
48.a7 d1=Q 49.a8=Q Qdf1+ 0-1

[Event "14th Costa del Sol it"]
[Site "Torremolinos ESP"]
[Date "1974.01.13"]
[Round "8"]
[White "Estevez Morales, Guillermo"]
[Black "Ostojic, Predrag"]
[Result "0-1"]
[WhiteElo "2345"]
[BlackElo "2440"]
[EventDate "1974.02.05"]
[PlyCount "80"]

1.e4 c5 2.Nf3 Nc6 3.d4 cxd4 4.Nxd4 Nf6 5.Nc3 d6 6.Be2 e6 7.Be3 Be7 8.O-O 
O-O 9.f4 a6 10.Kh1 Qc7 11.Qe1 Bd7 12.Qg3 Rac8 13.Rae1 Kh8 14.Nxc6 Bxc6 15.
Bd3 e5 16.fxe5 dxe5 17.Bg5 Nh5 18.Qh4 Bxg5 19.Qxg5 Nf4 20.Ne2 f6 21.Qh4 
Nxd3 22.cxd3 Qb6 23.Rf5 Be8 24.b3 Rc2 25.Rf3 Bg6 26.g4 h6 27.g5 Bh7 28.
gxh6 g5 29.Qg3 Rg8 30.Ng1 Rg6 31.Ref1 Rxh6 32.R1f2 Rc1 33.Rf1 Rc3 34.Qe1 
Rc6 35.Qd2 Qd8 36.Ne2 Bxe4 37.Ng3 Bxf3+ 38.Rxf3 Rh3 39.Qb4 Qd5 40.Qg4 Rh4 
0-1

[Event "14th Costa del Sol it"]
[Site "Torremolinos ESP"]
[Date "1974.01.13"]
[Round "8"]
[White "Bellon Lopez, Juan Manuel"]
[Black "Gheorghiu, Florin"]
[Result "1/2-1/2"]
[WhiteElo "2400"]
[BlackElo "2550"]
[EventDate "1974.02.05"]
[PlyCount "77"]

1.e4 c5 2.Nc3 Nc6 3.g3 g6 4.Bg2 Bg7 5.f4 d6 6.d3 e5 7.Nf3 Nge7 8.O-O O-O 
9.Be3 exf4 10.gxf4 f5 11.Qe2 Kh8 12.Rad1 Nd4 13.Qf2 Nec6 14.Nd5 Nxf3+ 15.
Bxf3 Qa5 16.c3 Be6 17.e5 dxe5 18.Bxc5 Rfe8 19.Nb4 Nxb4 20.Bxb4 Qc7 21.fxe5
Bxe5 22.d4 a5 23.Bc5 Bd6 24.Bxd6 Qxd6 25.Bxb7 Rab8 26.Bg2 Bxa2 27.d5 Kg8 
28.Rfe1 Bb3 29.Rd2 Kf8 30.Rde2 Rxe2 31.Rxe2 Qb6 32.Qxb6 Rxb6 33.Kf2 f4 34.
h4 h6 35.Rd2 Ke7 36.Kf3 Rf6 37.d6+ Rxd6 38.Rxd6 Kxd6 39.Kxf4 1/2-1/2

[Event "14th Costa del Sol it"]
[Site "Torremolinos ESP"]
[Date "1974.01.13"]
[Round "8"]
[White "Martin Gonzalez, Angel"]
[Black "Torre, Eugenio"]
[Result "1/2-1/2"]
[WhiteElo "2275"]
[BlackElo "2430"]
[EventDate "1974.02.05"]
[PlyCount "126"]

1.e4 g6 2.d4 Bg7 3.Nc3 d6 4.Bc4 Nf6 5.f4 Nxe4 6.Bxf7+ Kxf7 7.Nxe4 Rf8 8.
Nf3 Kg8 9.O-O e6 10.c3 Nc6 11.Qe1 Bd7 12.Neg5 Qf6 13.Bd2 h6 14.Ne4 Qf7 15.
Qh4 Ne7 16.g4 Nd5 17.Rae1 Rae8 18.c4 Nxf4 19.Bxf4 Qxf4 20.Ne5 g5 21.Qh5 
dxe5 22.Rxf4 exf4 23.h4 Re7 24.hxg5 Bxd4+ 25.Kf1 hxg5 26.Nxg5 Be8 27.Qh6 
Rf6 28.Qh4 Bg6 29.Rd1 c5 30.Ke2 Rd7 31.Rh1 Bd3+ 32.Kf3 Rg6 33.Ne4 Bxe4+ 
34.Kxe4 Bg7 35.Qh5 Rd4+ 36.Kf3 Rd3+ 37.Kxf4 e5+ 38.Ke4 Rd4+ 39.Ke3 Rdxg4 
40.Qf5 Rg3+ 41.Kd2 Rg2+ 42.Kc1 Rg1+ 43.Rxg1 Rxg1+ 44.Kc2 b6 45.Qd7 Rf1 46.
Qd5+ Rf7 47.a3 e4 48.b4 Bd4 49.Qxe4 Kf8 50.Kb3 Re7 51.Qf4+ Ke8 52.Ka4 Be5 
53.Qe4 cxb4 54.axb4 Kd7 55.Qd5+ Ke8 56.Kb5 Kf8 57.Qd8+ Kf7 58.Kc6 Re6+ 59.
Kd5 Rd6+ 60.Qxd6 Bxd6 61.Kxd6 a5 62.c5 bxc5 63.Kxc5 axb4 1/2-1/2

[Event "14th Costa del Sol it"]
[Site "Torremolinos ESP"]
[Date "1974.01.13"]
[Round "8"]
[White "Ruiz Gutierrez, Manuel"]
[Black "Langeweg, Christiaan"]
[Result "1-0"]
[WhiteElo "2280"]
[BlackElo "2430"]
[EventDate "1974.02.05"]
[PlyCount "81"]

1.Nf3 Nf6 2.d4 c5 3.c3 b6 4.g3 Bb7 5.Bg2 g6 6.O-O Bg7 7.Nbd2 O-O 8.a4 cxd4
9.cxd4 d6 10.b4 Nc6 11.Ne1 Qd7 12.Nc2 d5 13.Ba3 Rac8 14.Qb1 Rfe8 15.e3 h5 
16.h4 Bh6 17.Ra2 e6 18.Rc1 Ng4 19.Nf3 Qd8 20.Nce1 Ne7 21.Rxc8 Nxc8 22.b5 
Nd6 23.Bxd6 Qxd6 24.Rc2 Re7 25.Rc3 e5 26.dxe5 Nxe5 27.Nd4 Nc4 28.Nef3 Bg7 
29.Qd3 Bf6 30.Nf5 gxf5 31.Rxc4 Re4 32.Rc1 Rxa4 33.Qxf5 Rb4 34.Bf1 d4 35.
Bd3 dxe3 36.Qh7+ Kf8 37.Qh6+ Ke8 38.Qxe3+ Qe7 39.Qd2 Rb2 40.Qf4 Kf8 41.Rc7
1-0

[Event "14th Costa del Sol it"]
[Site "Torremolinos ESP"]
[Date "1974.01.13"]
[Round "8"]
[White "Tarjan, James Edward"]
[Black "Quinteros, Miguel Angel"]
[Result "0-1"]
[WhiteElo "2415"]
[BlackElo "2520"]
[EventDate "1974.02.05"]
[PlyCount "126"]

1.e4 c5 2.Nf3 e6 3.d4 cxd4 4.Nxd4 a6 5.Bd3 Nf6 6.O-O Qc7 7.Qe2 d6 8.c4 g6 
9.Nc3 Bg7 10.Be3 O-O 11.Rac1 b6 12.f3 Bb7 13.Qd2 Nbd7 14.Rfd1 Rfd8 15.Bf1 
Rac8 16.Kh1 Qb8 17.Bh6 Bxh6 18.Qxh6 Qc7 19.Nc2 Ne5 20.Ne3 Qb8 21.Rc2 Bc6 
22.Rcd2 b5 23.cxb5 Bxb5 24.Nxb5 axb5 25.Qh4 Kg7 26.f4 Nc6 27.Ng4 Nxg4 28.
Qxg4 e5 29.fxe5 dxe5 30.Rxd8 Rxd8 31.Rxd8 Qxd8 32.g3 Qa5 33.a3 Qa4 34.Qe2 
Nd4 35.Qd2 Qa8 36.Qe3 Qc6 37.Bd3 Qe6 38.Kg2 Qg4 39.Kf2 Qd1 40.Kg2 Nc2 41.
Bxc2 Qxc2+ 42.Kh3 Qxb2 43.g4 Qd4 44.Qe2 Qc4 45.Qf3 Qc1 46.Kg3 Qg1+ 47.Kh3 
h6 48.Qe2 Qc5 49.Qf3 Qc1 50.Kg3 h5 51.gxh5 Qg5+ 52.Kf2 Qxh5 53.Qg3 Kf6 54.
h4 Qd1 55.Qg5+ Ke6 56.Qh6 Qd4+ 57.Kg3 Qd3+ 58.Kh2 Qxe4 59.Qh8 Qc2+ 60.Kh3 
Qc3+ 61.Kh2 Qb2+ 62.Kh1 Qxa3 63.Qe8+ Kf6 0-1

[Event "14th Costa del Sol it"]
[Site "Torremolinos ESP"]
[Date "1974.01.14"]
[Round "9"]
[White "Ostojic, Predrag"]
[Black "Lombardy, William"]
[Result "1/2-1/2"]
[WhiteElo "2440"]
[BlackElo "2520"]
[EventDate "1974.02.05"]
[PlyCount "140"]

1.e4 g6 2.d4 Bg7 3.Nc3 d6 4.Bg5 a6 5.Qd2 b5 6.Nf3 Bb7 7.Bd3 Nd7 8.O-O c5 
9.dxc5 Nxc5 10.Rfe1 Ne6 11.a4 Nxg5 12.Nxg5 h6 13.Nf3 b4 14.Nd1 Qa5 15.c3 
bxc3 16.Nxc3 Nf6 17.b4 Qd8 18.Rac1 O-O 19.Bc4 Rc8 20.Nd5 Nd7 21.Nf4 Ne5 
22.Nxe5 dxe5 23.Qxd8 Rfxd8 24.Nd5 Bf8 25.Nb6 Rb8 26.a5 e6 27.Rb1 Rd4 28.f3
Kg7 29.Kf1 h5 30.Re2 Be7 31.b5 axb5 32.Bxb5 Bb4 33.Nd7 Rc8 34.a6 Bc6 35.
Bxc6 Rxc6 36.Nb8 Rc7 37.Reb2 Ba3 38.Rb7 Rc2 39.Rd7 Ra4 40.Ra1 Rc1+ 41.Rxc1
Bxc1 42.Ke2 Ra2+ 43.Kd3 Rxg2 44.a7 Ra2 45.Nc6 Ra3+ 46.Kc2 Be3 47.Rd3 Rxa7 
48.Rxe3 Ra2+ 49.Kd1 Rxh2 50.Nxe5 Kf6 51.Nd3 g5 52.Re1 Ra2 53.Re2 Rxe2 54.
Kxe2 e5 55.Nf2 Ke6 56.Nh1 f5 57.Ng3 f4 58.Nh1 g4 59.Nf2 g3 60.Nh3 Kd6 61.
Ng5 h4 62.Kf1 Kc5 63.Nf7 Kd4 64.Kg2 Ke3 65.Nxe5 Ke2 66.Ng6 h3+ 67.Kxh3 
Kxf3 68.e5 g2 69.Nh4+ Ke4 70.Kxg2 Kxe5 1/2-1/2

[Event "14th Costa del Sol it"]
[Site "Torremolinos ESP"]
[Date "1974.01.14"]
[Round "9"]
[White "Westerinen, Heikki"]
[Black "Bellon Lopez, Juan Manuel"]
[Result "0-1"]
[WhiteElo "2435"]
[BlackElo "2400"]
[EventDate "1974.02.05"]
[PlyCount "58"]

1.e4 c5 2.Nf3 e6 3.b3 d6 4.Bb2 a6 5.g3 b6 6.d4 Bb7 7.Nc3 Nf6 8.d5 exd5 9.
exd5 Nbd7 10.Bg2 Qe7+ 11.Ne2 O-O-O 12.O-O Nxd5 13.Re1 Ne3 14.fxe3 Qxe3+ 
15.Kf1 Bxf3 16.c4 Ne5 17.Nf4 Ng4 18.Re2 Bxe2+ 19.Qxe2 Nxh2+ 20.Ke1 Qxg3+ 
21.Qf2 Re8+ 22.Ne2 Qxf2+ 23.Kxf2 Ng4+ 24.Ke1 Be7 25.Bc6 Bh4+ 26.Kd2 Bg5+ 
27.Ke1 Re6 28.Bc1 Bh4+ 29.Kd2 Kc7 0-1

[Event "14th Costa del Sol it"]
[Site "Torremolinos ESP"]
[Date "1974.01.14"]
[Round "9"]
[White "Cardoso, Rodolfo Tan"]
[Black "Estevez Morales, Guillermo"]
[Result "0-1"]
[WhiteElo "2375"]
[BlackElo "2345"]
[EventDate "1974.02.05"]
[PlyCount "70"]

1.c4 e5 2.g3 Nc6 3.Bg2 g6 4.e3 Bg7 5.Ne2 Nge7 6.Nbc3 O-O 7.O-O d6 8.d3 Be6
9.h3 d5 10.b3 Qd7 11.Kh2 Rfd8 12.Ba3 a5 13.Rc1 dxc4 14.dxc4 Qc8 15.Qc2 Nb4
16.Qb1 c6 17.Rfd1 Qc7 18.Nd5 Nexd5 19.cxd5 Nxd5 20.Bb2 a4 21.Bxd5 Bxd5 22.
Nc3 Bf3 23.Rxd8+ Rxd8 24.Nxa4 h5 25.Bc3 h4 26.Qb2 hxg3+ 27.fxg3 Qe7 28.Re1
Be4 29.Nb6 Rd3 30.Nc4 b5 31.Bxe5 bxc4 32.Bxg7 Qb4 33.Bf8 Qd2+ 34.Re2 Qxb2 
35.Rxb2 c3 0-1

[Event "14th Costa del Sol it"]
[Site "Torremolinos ESP"]
[Date "1974.01.14"]
[Round "9"]
[White "Gheorghiu, Florin"]
[Black "Martin Gonzalez, Angel"]
[Result "1-0"]
[WhiteElo "2550"]
[BlackElo "2275"]
[EventDate "1974.02.05"]
[PlyCount "133"]

1.c4 c5 2.Nf3 Nc6 3.d4 cxd4 4.Nxd4 g6 5.e4 Nf6 6.Nc3 d6 7.Be2 Nxd4 8.Qxd4 
Bg7 9.O-O O-O 10.Qe3 Nd7 11.Bd2 Nc5 12.Rad1 Bd7 13.b4 Ne6 14.Nd5 Nd4 15.
Bc3 Nxe2+ 16.Qxe2 Bxc3 17.Nxc3 Rc8 18.Nd5 Be6 19.c5 Bxd5 20.Rxd5 Rc6 21.
Rfd1 Qc7 22.cxd6 Rxd6 23.Rxd6 exd6 24.Qd3 Re8 25.a3 Qc6 26.f3 Re6 27.Qe3 
a6 28.Rc1 Qd7 29.Qd4 h5 30.Qb6 Re7 31.h4 Kh7 32.Kf2 Kg8 33.Rd1 Re6 34.Rd5 
Kh7 35.a4 Qxa4 36.Qxb7 Kg7 37.Qb6 Qa2+ 38.Kg3 Qb1 39.Qd4+ Kh7 40.Qd2 Qa1 
41.Ra5 Qf1 42.Qc3 Re8 43.Ra1 Qb5 44.Qf6 Kg8 45.Qxd6 Rb8 46.Rc1 Rf8 47.Rc6 
a5 48.bxa5 Qxa5 49.Kh2 Qa1 50.Qd5 Kg7 51.Rc7 Qf6 52.Kg3 Qa1 53.Qg5 Qf6 54.
e5 Qxg5+ 55.hxg5 Re8 56.Kf4 Re6 57.Ke4 Ra6 58.Kd5 Kf8 59.Rc6 Ra5+ 60.Kd6 
Kg7 61.e6 fxe6 62.Rc5 Ra2 63.Rc7+ Kg8 64.Ke5 Rxg2 65.Kf6 Rf2 66.Kxg6 Kf8 
67.Kh7 1-0

[Event "14th Costa del Sol it"]
[Site "Torremolinos ESP"]
[Date "1974.01.14"]
[Round "9"]
[White "Torre, Eugenio"]
[Black "Tarjan, James Edward"]
[Result "1-0"]
[WhiteElo "2430"]
[BlackElo "2415"]
[EventDate "1974.02.05"]
[PlyCount "75"]

1.e4 c5 2.Nf3 d6 3.c3 Nf6 4.Bd3 Nc6 5.Bc2 Bg4 6.d3 g6 7.h3 Bxf3 8.Qxf3 Bg7
9.O-O O-O 10.a4 a6 11.Rd1 Nd7 12.Bg5 b5 13.Qe3 b4 14.Bh6 Bxh6 15.Qxh6 Qb8 
16.Rc1 bxc3 17.bxc3 Qb2 18.Ra3 Rfb8 19.Qd2 Ra7 20.Bd1 Rab7 21.Ra2 Qb6 22.
Na3 Na5 23.Rb1 Qc6 24.Rxb7 Rxb7 25.Qe1 c4 26.d4 Nb3 27.Be2 Qxe4 28.Qd1 d5 
29.Bf3 Qe6 30.Nxc4 Qc6 31.Ne3 e6 32.c4 Nf6 33.cxd5 exd5 34.Rc2 Qd7 35.Rc3 
Na5 36.Rc5 Nb3 37.Nxd5 Nxd5 38.Rxd5 {Time} 1-0

[Event "14th Costa del Sol it"]
[Site "Torremolinos ESP"]
[Date "1974.01.14"]
[Round "9"]
[White "Quinteros, Miguel Angel"]
[Black "Ruiz Gutierrez, Manuel"]
[Result "1-0"]
[WhiteElo "2520"]
[BlackElo "2280"]
[EventDate "1974.02.05"]
[PlyCount "103"]

1.Nf3 Nf6 2.g3 g6 3.c4 Bg7 4.d4 O-O 5.Bg2 c6 6.O-O d5 7.b3 Nbd7 8.Nbd2 b6 
9.Bb2 Bb7 10.Qc2 Rc8 11.Rfd1 e6 12.Rac1 Nh5 13.e4 f5 14.exf5 exf5 15.Re1 
Re8 16.Rxe8+ Qxe8 17.Re1 Qd8 18.Qb1 Bf6 19.Ne5 Rc7 20.f4 Nf8 21.cxd5 cxd5 
22.Nf1 Be7 23.Ne3 Nf6 24.g4 Nxg4 25.N3xg4 fxg4 26.Nxg4 Bd6 27.Ne5 Qh4 28.
f5 gxf5 29.Rf1 f4 30.Qf5 Rg7 31.Qxf4 Qxf4 32.Rxf4 Ne6 33.Rf2 Ng5 34.Ng4 h5
35.Nf6+ Kh8 36.Rf5 Nh3+ 37.Kh1 Nf4 38.Bc1 Re7 39.Bd2 Re2 40.Rg5 Rxg2 41.
Rxg2 Nxg2 42.Kxg2 h4 43.Bg5 Bc8 44.Bxh4 Bf5 45.Bg3 Ba3 46.Be5 Kg7 47.Nxd5+
Kf7 48.Nc3 a6 49.d5 b5 50.Kf3 b4 51.Ne4 Bc1 52.Nd6+ 1-0

[Event "14th Costa del Sol it"]
[Site "Torremolinos ESP"]
[Date "1974.01.15"]
[Round "10"]
[White "Ostojic, Predrag"]
[Black "Cardoso, Rodolfo Tan"]
[Result "1-0"]
[WhiteElo "2440"]
[BlackElo "2375"]
[EventDate "1974.02.05"]
[PlyCount "49"]

1.e4 g6 2.d4 c6 3.c4 Bg7 4.Nc3 d6 5.Be3 Nd7 6.Nf3 e5 7.Be2 Ne7 8.h4 Qa5 9.
h5 gxh5 10.dxe5 dxe5 11.Rxh5 Ng6 12.Bh6 Bxh6 13.Rxh6 Nf6 14.Ng5 Qb4 15.Qd2
Qf8 16.O-O-O Bg4 17.Bxg4 Qg7 18.Bd7+ Kf8 19.Qd6+ Kg8 20.Rdh1 Rd8 21.Ne6 
Ne8 22.Qa3 Qf6 23.Nxd8 Qxd8 24.Bxe8 Qxe8 25.Qd6 1-0

[Event "14th Costa del Sol it"]
[Site "Torremolinos ESP"]
[Date "1974.01.15"]
[Round "10"]
[White "Martin Gonzalez, Angel"]
[Black "Westerinen, Heikki"]
[Result "0-1"]
[WhiteElo "2275"]
[BlackElo "2435"]
[EventDate "1974.02.05"]
[PlyCount "74"]

1.e4 e5 2.Nf3 Nc6 3.Bb5 a6 4.Ba4 d6 5.O-O Bd7 6.d4 Nf6 7.c3 g6 8.dxe5 Nxe5
9.Nxe5 dxe5 10.Be3 Ng4 11.Bg5 Be7 12.Qxg4 Bxa4 13.Bh6 f6 14.Nd2 Qd3 15.Nb3
Qd7 16.Qh4 O-O-O 17.Be3 Qb5 18.Nd2 Qxb2 19.Rab1 Qc2 20.Nc4 g5 21.Qh3+ Bd7 
22.Qh5 Bb5 23.Qg4+ Bd7 24.Qh5 Qxe4 25.Na5 Bc6 26.Nxc6 Qxc6 27.Rb3 Rd5 28.
Qf7 Bc5 29.Qg7 Rhd8 30.Qxh7 Bxe3 31.Qh3+ Kb8 32.Qxe3 Rd2 33.Qe1 Rc2 34.Qb1
Rdd2 35.h3 e4 36.Rc1 Rxa2 37.Rf1 e3 0-1

[Event "14th Costa del Sol it"]
[Site "Torremolinos ESP"]
[Date "1974.01.15"]
[Round "10"]
[White "Estevez Morales, Guillermo"]
[Black "Langeweg, Christiaan"]
[Result "1/2-1/2"]
[WhiteElo "2345"]
[BlackElo "2430"]
[EventDate "1974.02.05"]
[PlyCount "46"]

1.Nf3 Nf6 2.c4 e6 3.g3 d5 4.Bg2 dxc4 5.Qa4+ Nbd7 6.Qxc4 c5 7.O-O a6 8.a4 
b5 9.Qc2 Bb7 10.axb5 axb5 11.Rxa8 Qxa8 12.Na3 Bc6 13.b3 Be7 14.Bb2 O-O 15.
Ra1 Qb7 16.d3 Nd5 17.Qd2 Nb4 18.Nc2 Nxc2 19.Qxc2 Ra8 20.Rxa8+ Qxa8 21.Ne1 
Bxg2 22.Nxg2 Bf6 23.Bxf6 Nxf6 1/2-1/2

[Event "14th Costa del Sol it"]
[Site "Torremolinos ESP"]
[Date "1974.01.15"]
[Round "10"]
[White "Tarjan, James Edward"]
[Black "Gheorghiu, Florin"]
[Result "1/2-1/2"]
[WhiteElo "2415"]
[BlackElo "2550"]
[EventDate "1974.02.05"]
[PlyCount "32"]

1.Nf3 d5 2.d4 Nf6 3.c4 dxc4 4.e3 e6 5.Bxc4 c5 6.O-O a6 7.a4 Nc6 8.Nc3 Be7 
9.Qe2 cxd4 10.Rd1 O-O 11.exd4 Nb4 12.Bg5 Bd7 13.Ne5 Bc6 14.Bb3 Bd5 15.Nxd5
Nfxd5 16.Bxe7 Qxe7 1/2-1/2